000 00869nam a2200229Ia 4500
001 L707-29268
003 IT-CnALBA
008 170116s9999||||xx |||||||||||||| ||und||
040 _aIT-CnALBA
_cIT-CnALBA
041 _aITALIANO
100 _aTROPEA CESARE
245 0 _aSTORIA DELL'ARTE. VOL. II. DAL SECOLO XV AL SECOLO XX.
250 _a1a ed.
260 _aNAPOLI
_bMORANO ALBERTO EDITORE
_c1937 [1° Ed.:1937 - Ed.Ling.Originale: 1937]
300 _a528 p.
500 _aARCHITETTURA SCULTURA PITTURA. ARTE DEL SECOLO XV. XVI. XVII. XVIII. XIX. XX.
501 _aSocietà San Paolo EM - Piazza San Paolo, 14 - 12051 ALBA (CN) (non commercial uses only) ® Copyright 2017
520 _aARCHITETTURA SCULTURA PITTURA. ARTE DEL SECOLO XV. XVI. XVII. XVIII. XIX. XX.
650 _aSTUDIO E INSEGNAMENTO DELL'ARTE
942 _cBK
957 _71
999 _a34037
_bSI
_g Copie: 1
_c288193
_d288193